000 00397nam a2200169Ia 4500
008 210210b2005 xxu||||| |||| 00| 0 eng d
020 _a81 7141 933 X
082 _a598 KHAB
100 _aKHANNA (D R)
245 _aBiology of birds.
260 _aN D
_bDiscovery Publishing House
_c2005
300 _a352
650 _aBirds
690 _aBirds
700 _aYADAV (P R).
906 _a060589
999 _c107545
_d107545